Central Library OPAC University of Rajshahi
Normal view MARC view

Entry Personal Name

Number of records used in: 1

001 - CONTROL NUMBER

  • control field: 13374

003 - CONTROL NUMBER IDENTIFIER

  • control field: BD-RjUL

005 - DATE AND TIME OF LATEST TRANSACTION

  • control field: 20240627125843.0

008 - FIXED-LENGTH DATA ELEMENTS

  • fixed length control field: 240627|| aca||aabn | a|a d

040 ## - CATALOGING SOURCE

  • Original cataloging agency: BD-RjUL
  • Transcribing agency: BD-RjUL

100 ## - HEADING--PERSONAL NAME

  • Personal name: Kissel, Howard

670 ## - SOURCE DATA FOUND

  • Source citation: Work cat.: (BD-RjUL)83930: Adler, Stella. 13373, Stella Adler :, c2000.